000 00722nam a2200253 a 4500
008
020 _a0306444488 (hbk.)
049 _aMAIN
090 _aTD196.L4
100 1 _aGooch, Jan W.
245 1 0 _aLead-based paint handbook /
_cJan W. Gooch.
260 _aNew York :
_bPlenum Press,
_cc1993.
300 _axvii, 288 p. :
_bill. ;
_c24 cm.
440 0 _aTopics in applied chemistry.
504 _aIncludes bibliographical references.
500 _aIncludes index.
650 0 _aLead abatement.
650 0 _aLead based paint.
907 _a.b10026496
_b14-09-05
_c17-04-03
003
005 20230123133455.0
040 _cNUST
942 _cBOOKS
_kTD196.L4
999 _c149207
_d149207